000 00649nam a2200217 i 4500
001 115545
003 ES-MaACL
007 t|
008 070315q1922 sp ||||1| spa d
080 _a621.32
100 1 _aFerrer Dalmau, Antonio.
_950451
245 1 0 _aLámparas eléctricas /
_cpor Antonio Ferrer Dalmau.
250 _a2ª ed.
260 _aMadrid :
_bCalpe,
_c[1922?]
300 _a160 p. :
_bil. ;
_c17 cm.
490 1 _aBiblioteca del electricista práctico ;
_v24
650 1 4 _aLámparas eléctricas.
_914051
830 0 _aBiblioteca del electricista práctico ;
_v24
_9186267
852 _aES-MaACL
_jB-3757
999 _c115545
_d115545